书目信息 |
| 题名: |
现代化学原理
|
|
| 作者: | 金若水 , 王韵华 , 芮承国 编 | |
| 分册: | ||
| 出版信息: | 北京 高等教育出版社 2003 |
|
| 页数: | 525页 | |
| 开本: | 26cm | |
| 丛书名: | ||
| 单 册: | ||
| 中图分类: | O6-0 | |
| 科图分类: | 54.11 | |
| 主题词: | 普通化学--pu tong hua xue--高等学校--教材 | |
| 电子资源: | ||
| ISBN: | 978-7-04-011975-6 | |
| 000 | 00911nam0 2200301 45 | |
| 001 | 012001003732 | |
| 005 | 20131105135425.0 | |
| 010 | @a978-7-04-011975-6@dCNY59.80 | |
| 099 | @aCAL 012003150581@aCAL 012003186716 | |
| 100 | @a20030508d2003 ekmy0chiy0121 ea | |
| 101 | 0 | @achi |
| 102 | @aCN@b110000 | |
| 105 | @aack z 000yy | |
| 106 | @ar | |
| 200 | 1 | @a现代化学原理@Axian dai hua xue yuan li@f金若水, 王韵华, 芮承国编 |
| 210 | @a北京@c高等教育出版社@d2003 | |
| 215 | @a525页@c图, 肖像@d26cm | |
| 312 | @a英文并列题名取自封面 | |
| 333 | @a高等学校教材 | |
| 510 | 1 | @aModern chemical principles@zeng |
| 606 | 0 | @a普通化学@Apu tong hua xue@x高等学校@j教材 |
| 690 | @aO6-0@v4 | |
| 692 | @a54.11@v3 | |
| 701 | 0 | @a金若水@Ajin ruo shui@4编 |
| 701 | 0 | @a王韵华@Awang yun hua@4编 |
| 701 | 0 | @a芮承国@Arui cheng guo@4编 |
| 801 | 2 | @aCN@b上海新华@c20191020 |
| 905 | @b1206448-51@dO6-0@e1066@f4 | |
| 现代化学原理/金若水, 王韵华, 芮承国编.-北京:高等教育出版社,2003 |
| 525页:图, 肖像;26cm |
| 使用对象:高等学校教材 |
| ISBN 978-7-04-011975-6:CNY59.80 |
| ● |
| 相关链接 |
|
|
|
|
正题名:现代化学原理
索取号:O6-0/1066
 
预约/预借
| 序号 | 登录号 | 条形码 | 馆藏地/架位号 | 状态 | 备注 |
| 1 | 1206448 | 212064488 | 第二样本阅览室/ [索取号:O6-0/1066] | 在馆 | |
| 2 | 1206449 | 212064497 | 第三借阅区/ [索取号:O6-0/1066] | 在馆 | |
| 3 | 1206450 | 212064503 | 第三借阅区/ [索取号:O6-0/1066] | 在馆 | |
| 4 | 1206451 | 212064512 | 第三借阅区/ [索取号:O6-0/1066] | 在馆 |